Tiny Almost Useless Trivia XX Quiz Stats

 Plays Quiz Updated Mar 14, 2018

Challenge
Share
Tweet
Embed
Score 0/15 Timer 03:00
18 Plays Today
Question Answer % Correct
What comic superhero has faced villains such as Rhino, Carnage, Sandman, and Venom?Spider-Man
83.6%
What artificial satellite launched in 1957 began the 'Space Race' between the US and the Soviets?Sputnik I
83.2%
What name is shared by a San Antonio NBA team and London-based EPL team?Spurs
82.6%
What Hormel canned pork product is very popular in Hawaii?Spam
82.5%
What Bullock-Reeves action film had a sequel with the subtitle 'Cruise Control'?Speed
77.1%
What starts on the vernal equinox?Spring
74.7%
What is the national language of Equatorial Guinea?Spanish
74.7%
Which Spice Girl is missing from this list: Baby, Posh, Scary, and Ginger?Sporty
74.5%
Question Answer % Correct
What blood filtering organ is found behind the tenth rib on the lefthand side of the body?spleen
70%
What classic 1978 arcade game involved shooting aliens coming down at you with a laser cannon?Space Invaders
65.7%
What large eastern Washington city is home to Gonzaga University?Spokane
53.5%
What TV cartoon had a character named Mermaid Man voiced by Ernest Borgnine?SpongeBob SquarePants
52.2%
What mythic Greek creature has the head of a human and the haunches of a lion?Sphinx
50.2%
What 1987 Michael Crichton book about a submerged spaceship is named for a geometric shape?Sphere
41%
What 1990s rock band had hits with 'Two Princes' and 'Little Miss Can't Be Wrong'?Spin Doctors
38%

You're not logged in!

Compare scores with friends on all Sporcle quizzes.
OR
Log In

You Might Also Like...

Show Comments

Extras

Top Quizzes Today


Score Distribution

Your Account Isn't Verified!

In order to create a playlist on Sporcle, you need to verify the email address you used during registration. Go to your Sporcle Settings to finish the process.

Report this User

Report this user for behavior that violates our Community Guidelines.

Details: